000
00221nam a2200097Ia 4500
008
220204s9999 xx 000 0 und d
082
_a
82-3
_b
NAY
100
_a
Nayantara Sahagal
245
0
_a
Voice for freedom
942
_c
BK
999
_c
28569
_d
28569